Juan Soldao (Record no. 19311)

MARC details
000 -LEADER
campo de control de longitud fija 00834nam a2200241 i 4500
001 - NÚMERO DE CONTROL
campo de control 19311
003 - IDENTIFICADOR DE NÚMERO DE CONTROL
campo de control ES-MaACL
005 - FECHA Y HORA DE LA ÚLTIMA TRANSACCIÓN
campo de control 20230906152050.0
007 - CAMPO FIJO DE DESCRIPCIÓN FÍSICA--INFORMACIÓN GENERAL
campo de control de longitud fija t|
008 - DATOS DE LONGITUD FIJA--INFORMACIÓN GENERAL
campo de control de longitud fija 020709s1994 ag ||||1| spa d
020 ## - NÚMERO INTERNACIONAL ESTÁNDAR DEL LIBRO
Número Internacional Estándar del Libro 950-786-045-2
080 ## - NÚMERO DE LA CLASIFICACIÓN DECIMAL UNIVERSAL
Número de la Clasificación Decimal Universal 398.2(82)(082.2)
100 1# - ENTRADA PRINCIPAL--NOMBRE DE PERSONA
Nombre de persona Chertudi, Susana.
9 (RLIN) 38378
245 10 - MENCIÓN DEL TÍTULO
Título Juan Soldao
Resto del título : cuentos folklóricos de la Argentina /
Mención de responsabilidad, etc. Susana Chertudi ; prólogo de Olga Fernández Latour de Botas.
260 ## - PUBLICACIÓN, DISTRIBUCIÓN, ETC.
Lugar de publicación, distribución, etc. Buenos Aires :
Nombre del editor, distribuidor, etc. Secretaría de Cultura de la Nación :
-- Biblos,
Fecha de publicación, distribución, etc. [1994]
300 ## - DESCRIPCIÓN FÍSICA
Extensión 147 p. ;
Dimensiones 20 cm.
490 1# - MENCIÓN DE SERIE
Mención de serie Identidad nacional ;
Designación de volumen o secuencia 33
650 14 - PUNTO DE ACCESO ADICIONAL DE MATERIA--TÉRMINO DE MATERIA
Término de materia o nombre geográfico como elemento de entrada Cuentos populares-
Subdivisión cronológica Argentina.
9 (RLIN) 11497
700 1# - ENTRADA AGREGADA--NOMBRE PERSONAL
Nombre de persona Fernández Latour de Botas, Olga.
9 (RLIN) 49866
830 0# - PUNTO DE ACCESO ADICIONAL DE SERIE-TÍTULO UNIFORME
Título uniforme Identidad nacional ;
Designación de volumen o secuencia 33
9 (RLIN) 228875
852 ## - LOCALIZACIÓN
Ubicación ES-MaACL
Número de control de estantería L-25747
Sublocalización o colección R.131246
Holdings
Estatus retirado Estado de pérdida Estado de daño No para préstamo Biblioteca de origen Biblioteca actual Ubicación en estantería Fecha de adquisición Fuente de adquisición Total de préstamos Signatura topográfica completa Código de barras Visto por última vez Precio de reemplazo Tipo de ítem Koha
        Biblioteca del Ateneo de Madrid Biblioteca del Ateneo de Madrid Depósito 2 17/01/2008     L-25747 1019758 23/02/2023 23/02/2023 Libro impreso